000 00724cam a2200193 4500
001 WB3707-29
008 000000n2001 000 0 eng u
035 _a(Sirsi) u110878
245 _aAgrimonetary compensation secured
260 _c2001
490 _aMAFF Press Release
_v(48/01) 8 February 2001, (1)
520 _aThe government's scheme to pay £34m compensation to arable farmers has been approved by the EC. The compensation is intended to offset the effects on direct payments of the weakness of the euro against sterling since July 1999.
590 _aWB
650 _aAGRIMONETARY SYSTEM
650 _aCOMPENSATION
650 _aARABLE FARMERS
690 _aRURAL-AGRICULTURE AND FORESTRY
942 _n0
999 _c66097
_d66097